|
|
|
|
| LEADER |
02543nam a2200661 i 4500 |
| 001 |
nkc20203178917 |
| 003 |
CZ PrNK |
| 005 |
20250204092149.0 |
| 007 |
ta |
| 008 |
200303s2020 xr acf e 000 0acze |
| 015 |
|
|
|a cnb003178917
|
| 020 |
|
|
|a 978-80-7601-279-0
|q (vázáno) :
|c Kč 269,00
|
| 035 |
|
|
|a (OCoLC)1200257532
|
| 040 |
|
|
|a OLA001
|b cze
|d ABA001
|e rda
|
| 043 |
|
|
|a e-xr---
|
| 045 |
|
|
|a x-y-
|
| 072 |
|
7 |
|a 616
|x Patologie. Klinická medicína
|2 Konspekt
|9 14
|
| 072 |
|
7 |
|a 929
|x Biografie
|2 Konspekt
|9 8
|
| 080 |
|
|
|a 616-006.04-051
|2 MRF
|
| 080 |
|
|
|a 378.011.3-051
|2 MRF
|
| 080 |
|
|
|a 32-051
|2 MRF
|
| 080 |
|
|
|a 316.64
|2 MRF
|
| 080 |
|
|
|a 929
|2 MRF
|
| 080 |
|
|
|a (437.3)
|2 MRF
|
| 080 |
|
|
|a (047.53)
|2 MRF
|
| 080 |
|
|
|a (0:82-94)
|2 MRF
|
| 100 |
1 |
|
|a Žaloudík, Jan,
|d 1954-
|7 nlk20000083399
|4 aut
|
| 245 |
1 |
0 |
|a Protože bloudíme, je o čem mluvit /
|c Jaroslava Sladká, Jan Žaloudík
|
| 250 |
|
|
|a Vydání první
|
| 264 |
|
1 |
|a V Praze :
|b Vyšehrad,
|c 2020
|
| 300 |
|
|
|a 155 stran, 8 nečíslovaných stran obrazových příloh :
|b ilustrace (některé barevné), portréty ;
|c 21 cm
|
| 336 |
|
|
|a text
|b txt
|2 rdacontent
|
| 337 |
|
|
|a bez média
|b n
|2 rdamedia
|
| 338 |
|
|
|a svazek
|b nc
|2 rdacarrier
|
| 490 |
1 |
|
|a Rozhovory
|
| 600 |
1 |
7 |
|a Žaloudík, Jan,
|d 1954-
|7 nlk20000083399
|2 czenas
|
| 648 |
|
7 |
|a 20.-21. století
|7 ch462155
|2 czenas
|
| 650 |
0 |
7 |
|a onkologové
|7 ph321890
|z Česko
|y 20.-21. století
|2 czenas
|
| 650 |
0 |
7 |
|a vysokoškolští učitelé
|7 ph127282
|z Česko
|y 20.-21. století
|2 czenas
|
| 650 |
0 |
7 |
|a politici
|7 ph115781
|z Česko
|y 20.-21. století
|2 czenas
|
| 650 |
0 |
7 |
|a názory a postoje
|7 ph137634
|2 czenas
|
| 650 |
0 |
9 |
|a oncologists
|z Czechia
|y 20th-21st centuries
|2 eczenas
|
| 650 |
0 |
9 |
|a college teachers
|z Czechia
|y 20th-21st centuries
|2 eczenas
|
| 650 |
0 |
9 |
|a politicians
|z Czechia
|y 20th-21st centuries
|2 eczenas
|
| 650 |
0 |
9 |
|a views and attitudes
|2 eczenas
|
| 655 |
|
7 |
|a rozhovory
|7 fd133303
|2 czenas
|
| 655 |
|
7 |
|a autobiografické vzpomínky
|7 fd131854
|2 czenas
|
| 655 |
|
9 |
|a interviews
|2 eczenas
|
| 655 |
|
9 |
|a autobiographical reminiscences
|2 eczenas
|
| 700 |
1 |
|
|a Sladká, Jaroslava,
|d 1959-
|7 xx0138241
|4 aut
|
| 830 |
|
0 |
|a Rozhovory (Vyšehrad)
|0 s
|
| 910 |
2 |
|
|a BOA001
|b 2-1446.828
|
| 928 |
9 |
|
|a Albatros Media - Vyšehrad
|
| 990 |
|
|
|a BK
|
| 995 |
|
|
|a 01
|
| 991 |
|
|
|b 202005
|c NOV
|
| 996 |
6 |
|
|b 2610823894
|c 2-1446.828
|l MZK
|r Sklad / do 1 hodiny
|n 1
|p p.v.
|w 001801837
|u 000010
|a 1
|e BOA001
|j MZK50
|s P
|
| 996 |
7 |
|
|b 2610826220
|c 2-1446.828
|l MZK
|r Sklad / do 1 hodiny
|n 4
|p kup
|w 001801837
|u 000020
|a 1
|e BOA001
|j MZK50
|s A
|